Normal view
MARC view
Entry Personal Name
001 - CONTROL NUMBER
- control field: 541441
003 - CONTROL NUMBER IDENTIFIER
- control field: OSt
005 - DATE AND TIME OF LATEST TRANSACTION
- control field: 20220930081457.0
008 - FIXED-LENGTH DATA ELEMENTS
- fixed length control field: 220930|| aca||aabn | a|a d
040 ## - CATALOGING SOURCE
- Original cataloging agency: OSt
- Transcribing agency: OSt
100 ## - HEADING--PERSONAL NAME
- Personal name: Momin Ruth P. Garrey
670 ## - SOURCE DATA FOUND
- Source citation: Work cat.: (OSt)871509: Momin Ruth P. Garrey, Study on the role of intrauterine insemination in oligoasthenospermic males treated with clomiphene citrate, 2009
